Statystyki dla Najstarsze państwa świata

Kliknij tutaj aby rozwiązać quiz!

Ogólne statystyki

  • Ten quiz został rozwiązany 545 razy
  • Średni wynik to 4 z 7

Statystyki odpowiedzi

HintOdpowiedź% Poprawnych
4000r.p.n.eEgipt
89%
27 p.n.e.Włochy
79%
3200 r.p.n.eGrecja
78%
200r.p.n.rIndie
62%
2800r.p.n.eIrak
45%
301 r Armenia
23%
600 rBułgaria
14%

Rozkład punktacji

Percentyl według liczby udzielonych odpowiedzi

Procent ludzi z każdym wynikiem

Twoja historia wyników

Nie rozwiązałeś tego quizu